Kalendár výročí osobností Dunajskostredského okresu ...

Bibliographic Details
Other Authors: Vargová, Marta, 1953- (Compiler), Takács Benes, Linda (Compiler)
Format: Serial
Language:Slovak
PhysicalDescription:zv. 21-30 cm
Published: Dunajská Streda Žitnoostrovná knižnica 2007-
ISBN:9788088768241 (hrebeňová väzba : r. 2023)
9788088768258 (hrebeňová väzba : r. 2024)
9788088768265 (hrebeňová väzba : r. 2025)
9788088768272 (hrebeňová väzba : r. 2026)
Subjects:

MARC

LEADER 00000cas a2200000 a 4500
001 vtls010459705
005 20260512134201.0
008 171221c20079999xo ar h 0 b0slo
015 |a SNBSAB2007  |a SNBSAB2008  |a SNBSAB2009  |a SNBSAB2010  |a SNBSAB2011  |a SNBSAB2012  |a SNBSAB2013  |a SNBSAB2014  |a SNBSAB2015  |a SNBSAB2016  |a SNBSAB2017  |a SNBSAB2018  |a SNBSAB2019  |a SNBSAB2020  |a SNBSAB2021  |a SNBSAB2023  |a SNBSAB2024  |a SNBSAB2025  |a SNBSAB2026 
015 |a SNB2013-(r. 2010, r. 2011, r. 2012)  |a SNB2017-(r. 2007, r. 2008, r. 2009, r. 2013, r. 2014, r. 2015, r. 2016)  |a SNB2018-(r. 2017)  |a SNB2019-(r. 2018)  |a SNB2020-(r. 2019, r. 2020)  |a SNB2021-(r. 2021)  |a SNB2025-(r. 2022, r. 2023, r. 2024, r. 2025)  |a SNB2026-(r. 2026) 
020 |a 9788088768241 (hrebeňová väzba : r. 2023) 
020 |a 9788088768258 (hrebeňová väzba : r. 2024) 
020 |a 9788088768265 (hrebeňová väzba : r. 2025) 
020 |a 9788088768272 (hrebeňová väzba : r. 2026) 
035 |a dszkbroz386 
040 |a DSZK  |b slo  |c DSZK  |d SNK  |e AACR2 
041 0 |a slo 
043 |a e-xo--- 
044 |a xo  |c SK 
072 7 |a 929  |x Biografie  |2 konspekt 
072 7 |a 01  |x Bibliografia. Katalógy  |2 konspekt 
080 |a 015  |2 2011 
080 |a (437.641)  |2 2011 
080 |a (092)  |2 2011 
080 |a 929  |2 2011 
080 |a 394.46  |2 2011 
080 |a 929-058.1  |2 2011 
100 1 |a Vargová, Marta,  |d 1953-  |4 com  |9 119309 
245 1 0 |a Kalendár výročí osobností Dunajskostredského okresu ...  |c [zostavila: Marta Vargová] 
260 |a Dunajská Streda  |b Žitnoostrovná knižnica  |c 2007- 
300 |a zv.  |c 21-30 cm 
310 |a 1x ročne 
362 0 |a 2007- 
500 |a Súčasťou názvu je označenie kalendárneho roku 
500 |a Údaj o zostavovateľovi prevzatý z tiráže 
500 |a Zost.: 2022-, Linda Takács Benes 
500 |a Od r. 2023 sa uvádza ISBN 
500 |a Od r. 2022 výška formátu 30 cm 
504 |a Bibliogr. odkazy ; menný reg. ; zemepisný reg. 
650 0 7 |a osobnosti  |2 SNKPH  |9 29820 
650 0 7 |a Celebrities  |2 SNKPHeng  |9 265203 
650 0 7 |a Anniversaries and special events  |2 SNKPHeng  |9 265185 
650 0 7 |a výročia a významné udalosti  |2 SNKPH  |9 16069 
650 0 7 |a Anniversary  |2 SNKPHeng  |9 265204 
650 0 7 |a jubileá  |2 SNKPH  |9 29624 
651 7 |a Dunajská Streda (Slovensko : okres)  |2 SNKPHgeo  |9 145813 
651 7 |a Dunajská Streda (Slovakia : district)  |2 SNKPHeng  |9 267409 
655 7 |a regionálne bibliografie  |2 SNKPH  |9 70484 
655 7 |a Calendars  |2 SNKPHeng  |9 265208 
655 7 |a Regional bibliographies  |2 SNKPHeng  |9 265209 
655 7 |a kalendáriá  |2 SNKPH  |9 73769 
700 1 |a Takács Benes, Linda  |4 com  |9 268196 
919 |a 978-80-88768-24-1 
919 |a 978-80-88768-25-8 
919 |a 978-80-88768-26-5 
919 |a 978-80-88768-27-2 
958 |a BX 
958 |a NB 
958 |a RG 
999 |c 4658  |d 6588 
952 |a SNK  |b SNK  |y PREZ  |7 0  |p 17A0866706  |o snkČSC 3505/2010 D1  |i snk2013/10855  |8 1  |0 0  |1 0  |4 0  |d 2013-05-14  |l 0  |r 2026-02-21 19:55:12  |w 2026-02-21 
952 |a SNK  |b SNK  |y PREZ  |7 0  |p 17A0866705  |o snkČSC 3505/2010  |i snk2013/10854  |8 1  |0 0  |1 0  |4 0  |d 2013-05-14  |l 0  |r 2026-02-21 19:55:12  |w 2026-02-21 
952 |a SNK  |b SNK  |y PREZ  |7 0  |p 17A0866707  |o snkČSC 3505/2011  |i snk2013/10858  |8 1  |0 0  |1 0  |4 0  |d 2013-05-14  |l 0  |r 2026-02-21 19:55:24  |w 2026-02-21 
952 |a SNK  |b SNK  |y PREZ  |7 0  |p 17A0866708  |o snkČSC 3505/2011 D1  |i snk2013/10860  |8 1  |0 0  |1 0  |4 0  |d 2013-05-14  |l 0  |r 2026-02-21 19:55:24  |w 2026-02-21 
952 |a SNK  |b SNK  |y PREZ  |7 0  |p 17A0866709  |o snkČSC 3505/2012  |i snk2013/10862  |8 0  |0 0  |1 0  |4 0  |d 2013-05-14  |l 0  |r 2026-02-21 19:55:38  |w 2026-02-21 
952 |a SNK  |b SNK  |y PREZ  |7 0  |p 17A0866710  |o snkČSC 3505/2012 D1  |i snk2013/10866  |8 0  |0 0  |1 0  |4 0  |d 2013-05-14  |l 0  |r 2026-02-21 19:55:50  |w 2026-02-21 
952 |a SNK  |b SNK  |y PREZ  |7 0  |p 17A1556377  |o snkČSC 3505/2025  |i snk2025/15579  |8 0  |0 0  |1 0  |4 0  |d 2025-10-02  |l 0  |r 2026-02-21 20:10:07  |w 2026-02-21 
952 |a SNK  |b SNK  |y PREZ  |7 0  |p 17A1556374  |o snkČSC 3505/2022  |i snk2025/15576  |8 1  |z Vydané v r. 2021  |0 0  |1 0  |4 0  |d 2025-10-02  |l 0  |r 2026-02-21 20:10:27  |w 2026-02-21 
952 |a SNK  |b SNK  |y PREZ  |7 0  |p 17A1556375  |o snkČSC 3505/2023  |i snk2025/15577  |8 1  |0 0  |1 0  |4 0  |d 2025-10-02  |l 0  |r 2026-02-21 20:10:27  |w 2026-02-21 
952 |a SNK  |b SNK  |y PREZ  |7 0  |p 17A1556376  |o snkČSC 3505/2024  |i snk2025/15578  |8 0  |0 0  |1 0  |4 0  |d 2025-10-02  |l 0  |r 2026-02-21 20:10:27  |w 2026-02-21 
952 |a SNK  |b SNK  |y PREZ  |7 0  |p 17A1433748  |o snkČSC 3505/2021  |i snk2021/9761  |8 0  |z Rok: 2020  |0 0  |1 0  |4 0  |d 2021-08-05  |l 0  |r 2026-02-21 21:29:18  |w 2026-02-21 
952 |a SNK  |b SNK  |y PREZ  |7 0  |p 17A1433749  |o snkČSC 3505/2021 D1  |i snk2021/9765  |8 0  |z Rok: 2020  |0 0  |1 0  |4 0  |d 2021-08-05  |l 0  |r 2026-02-21 21:29:18  |w 2026-02-21 
952 |a SNK  |b SNK  |y PREZ  |7 0  |p 17A1267578  |o snkČSC 3505/2017  |i snk2018/4527  |8 0  |0 0  |1 0  |4 0  |d 2018-02-21  |l 0  |r 2026-02-21 21:49:35  |w 2026-02-21 
952 |a SNK  |b SNK  |y PREZ  |7 3  |p 17A1267579  |o snkČSC 3505/2017 D1  |i snk2018/4528  |8 0  |0 0  |1 0  |4 0  |d 2018-02-21  |l 0  |r 2026-02-21 21:49:35  |w 2026-02-21 
952 |a SNK  |b SNK  |y PREZ  |7 0  |p 17A1431972  |o snkČSC 3505/2019  |i snk2020/15527  |8 0  |0 0  |1 0  |4 0  |d 2020-09-04  |l 0  |r 2026-02-21 22:15:52  |w 2026-02-21 
952 |a SNK  |b SNK  |y PREZ  |7 0  |p 17A1431973  |o snkČSC 3505/2020  |i snk2020/15528  |8 0  |0 0  |1 0  |4 0  |d 2020-09-04  |l 0  |r 2026-02-21 22:15:52  |w 2026-02-21 
952 |a SNK  |b SNK  |y PREZ  |7 3  |p 17A1431974  |o snkČSC 3505/2019 D1  |i snk2020/15529  |8 0  |0 0  |1 0  |4 0  |d 2020-09-04  |l 0  |r 2026-02-21 22:15:52  |w 2026-02-21 
952 |a SNK  |b SNK  |y PREZ  |7 3  |p 17A1431975  |o snkČSC 3505/2020 D1  |i snk2020/15530  |8 0  |0 0  |1 0  |4 0  |d 2020-09-04  |l 0  |r 2026-02-21 22:15:53  |w 2026-02-21 
952 |a SNK  |b SNK  |y PREZ  |7 0  |p 17A1266015  |o snkČSC 3505/2007  |i snk2017/26732  |8 0  |0 0  |1 0  |4 0  |d 2017-12-04  |l 0  |r 2026-02-21 22:18:46  |w 2026-02-21 
952 |a SNK  |b SNK  |y PREZ  |7 0  |p 17A1266016  |o snkČSC 3505/2008  |i snk2017/26733  |8 0  |0 0  |1 0  |4 0  |d 2017-12-04  |l 0  |r 2026-02-21 22:18:46  |w 2026-02-21 
952 |a SNK  |b SNK  |y PREZ  |7 0  |p 17A1266017  |o snkČSC 3505/2009  |i snk2017/26734  |8 0  |0 0  |1 0  |4 0  |d 2017-12-04  |l 0  |r 2026-02-21 22:18:46  |w 2026-02-21 
952 |a SNK  |b SNK  |y PREZ  |7 0  |p 17A1266018  |o snkČSC 3505/2013  |i snk2017/26743  |8 0  |0 0  |1 0  |4 0  |d 2017-12-04  |l 0  |r 2026-02-21 22:18:47  |w 2026-02-21 
952 |a SNK  |b SNK  |y PREZ  |7 0  |p 17A1266019  |o snkČSC 3505/2014  |i snk2017/26744  |8 0  |0 0  |1 0  |4 0  |d 2017-12-04  |l 0  |r 2026-02-21 22:18:47  |w 2026-02-21 
952 |a SNK  |b SNK  |y PREZ  |7 0  |p 17A1266020  |o snkČSC 3505/2015  |i snk2017/26746  |8 0  |0 0  |1 0  |4 0  |d 2017-12-04  |l 0  |r 2026-02-21 22:18:47  |w 2026-02-21 
952 |a SNK  |b SNK  |y PREZ  |7 0  |p 17A1266021  |o snkČSC 3505/2016  |i snk2017/26747  |8 0  |0 0  |1 0  |4 0  |d 2017-12-04  |l 0  |r 2026-02-21 22:18:47  |w 2026-02-21 
952 |a SNK  |b SNK  |y PREZ  |7 0  |p 17A1266022  |o snkČSC 3505/2007 D1  |i snk2017/26750  |8 0  |0 0  |1 0  |4 0  |d 2017-12-04  |l 0  |r 2026-02-21 22:18:50  |w 2026-02-21 
952 |a SNK  |b SNK  |y PREZ  |7 0  |p 17A1266023  |o snkČSC 3505/2008 D1  |i snk2017/26753  |8 0  |0 0  |1 0  |4 0  |d 2017-12-04  |l 0  |r 2026-02-21 22:18:50  |w 2026-02-21 
952 |a SNK  |b SNK  |y PREZ  |7 0  |p 17A1266024  |o snkČSC 3505/2009 D1  |i snk2017/26755  |8 0  |0 0  |1 0  |4 0  |d 2017-12-04  |l 0  |r 2026-02-21 22:18:50  |w 2026-02-21 
952 |a SNK  |b SNK  |y PREZ  |7 3  |p 17A1266025  |o snkČSC 3505/2013 D1  |i snk2017/26756  |8 0  |0 0  |1 0  |4 0  |d 2017-12-04  |l 0  |r 2026-02-21 22:18:50  |w 2026-02-21 
952 |a SNK  |b SNK  |y PREZ  |7 3  |p 17A1266026  |o snkČSC 3505/2014 D1  |i snk2017/26757  |8 0  |0 0  |1 0  |4 0  |d 2017-12-04  |l 0  |r 2026-02-21 22:18:50  |w 2026-02-21 
952 |a SNK  |b SNK  |y PREZ  |7 3  |p 17A1266027  |o snkČSC 3505/2015 D1  |i snk2017/26763  |8 0  |0 0  |1 0  |4 0  |d 2017-12-04  |l 0  |r 2026-02-21 22:18:51  |w 2026-02-21 
952 |a SNK  |b SNK  |y PREZ  |7 3  |p 17A1266028  |o snkČSC 3505/2016 D1  |i snk2017/26764  |8 0  |0 0  |1 0  |4 0  |d 2017-12-04  |l 0  |r 2026-02-21 22:18:51  |w 2026-02-21 
952 |a SNK  |b SNK  |y PREZ  |7 0  |p 17A1343185  |o snkČSC 3505/2018  |i snk2019/3321  |8 0  |0 0  |1 0  |4 0  |d 2019-02-05  |l 0  |r 2026-02-21 22:28:04  |w 2026-02-21 
952 |a SNK  |b SNK  |y PREZ  |7 3  |p 17A1343186  |o snkČSC 3505/2018 D1  |i snk2019/3326  |8 0  |0 0  |1 0  |4 0  |d 2019-02-05  |l 0  |r 2026-02-21 22:28:04  |w 2026-02-21 
952 |t 1  |a SNK  |b SNK  |y NEVYP  |7 1  |p 17A1559636  |o snkČSC 3505/2026  |i snk2026/7030  |8 0  |0 0  |1 0  |2 udc  |4 0  |d 2026-05-12  |l 0  |r 2026-05-12 13:12:49  |w 2026-05-12